| 000 | 01264cam a22003251 4500 | ||
|---|---|---|---|
| 005 | 20260322212047.0 | ||
| 008 | data | ||
| 010 | _a 55010338 | ||
| 040 |
_aDLC _cDLC _dDLC |
||
| 041 | 1 | _aenglat | |
| 050 | 0 | 0 |
_aAC1 _b.G72 vol. 31 |
| 082 | 0 | 0 | _a160 |
| 100 | 1 |
_aDescartes, René, _d1596-1650. |
|
| 240 | 1 | 0 |
_aRegulae ad directionem ingenii. _lEnglish |
| 245 | 1 | 0 |
_aRules for the direction of the mind : _bDiscourse on the method / _cRené Descartes ... [et al.]. |
| 260 |
_aChicago, _bEncyclopaedia Britannica _c[1955, c1952] |
||
| 300 |
_ax, 463 p. _bdiagrs. _c25 cm. |
||
| 490 | 0 |
_aGreat books of the Western World, _vv. 31 |
|
| 650 | 0 | _aPhilosophy. | |
| 700 | 1 |
_aDescartes, René, _d1596-1650. _tDiscours de la méthode. _lEnglish. _f1955. |
|
| 700 | 1 |
_aDescartes, René, _d1596-1650. _tMeditationes de prima philosophia. _lEnglish. _f1955. |
|
| 700 | 1 |
_aDescartes, René, _d1596-1650. _tGeométrie. _lEnglish. _f1955. |
|
| 700 | 1 |
_aSpinoza, Benedictus de, _d1632-1677. _tEthica. _lEnglish. _f1955. |
|
| 700 | 1 |
_aHaldane, Elizabeth Sanderson, _d1862-1937, _etr. |
|
| 700 | 1 |
_aSmith, David Eugene, _d1860-1944, _etr. |
|
| 700 | 1 |
_aWhite, William Hale, _d1831-1913, _etr. |
|
| 740 | 0 | _aDiscourse on the method. | |
| 740 | 0 | _aMeditations on first philosophy. | |
| 001 | data | ||
| 999 |
_c1099 _d1099 |
||